|
|
|
|
| LEADER |
00000nam0a2200000 4500 |
| 001 |
243828 |
| 005 |
20231101232012.0 |
| 035 |
|
|
|a (RuTPU)RU\TPU\book\265181
|
| 090 |
|
|
|a 243828
|
| 100 |
|
|
|a 20131007d2013 k y0rusy50 ca
|
| 101 |
0 |
|
|a rus
|
| 102 |
|
|
|a RU
|
| 105 |
|
|
|a a dm 001zy
|
| 200 |
1 |
|
|a Высокоселективный синтез 1,2-дихлорэтанав газлифтном реакторе прямого высокотемпературного жидкофазного хлорирования этилена
|e автореферат диссертации на соискание ученой степени кандидата технических наук
|e спец. 05.17.08
|f Е. А. Новицкий
|g Иркутский научно-исследовательский и конструкторский институт химического и нефтяного машиностроения (ИркутскНИИхиммаш), Открытое Акционерное Общество ; науч. рук. В. В. Самсонов
|
| 210 |
|
|
|a Иркутск
|d 2013
|
| 215 |
|
|
|a 22 с.
|c ил.
|
| 300 |
|
|
|a Защита сост. 17.09.2013 г.
|
| 320 |
|
|
|a Библиогр.: с. 21-22 (10 назв.).
|
| 452 |
|
1 |
|0 (RuTPU)RU\TPU\book\262491
|t Высокоселективный синтез 1,2-дихлорэтанав газлифтном реакторе прямого высокотемпературного жидкофазного хлорирования этилена
|o автореферат диссертации на соискание ученой степени кандидата технических наук
|o спец. 05.17.08
|f Е. А. Новицкий
|g ИркутскНИИхиммаш ; науч. рук. В. В. Самсонов
|c Иркутск
|d 2013
|a Новицкий, Евгений Александрович
|
| 606 |
1 |
|
|a Дихлорэтилен
|2 stltpush
|3 (RuTPU)RU\TPU\subj\72713
|9 86117
|
| 610 |
1 |
|
|a этилен
|
| 610 |
1 |
|
|a жидкофазное хлорирование
|
| 610 |
1 |
|
|a синтез
|
| 610 |
1 |
|
|a газлифтные реакторы
|
| 610 |
1 |
|
|a конструктивные особенности
|
| 610 |
1 |
|
|a газожидкостные процессы
|
| 610 |
1 |
|
|a гидродинамические характеристики
|
| 610 |
1 |
|
|a газожидкостные реакторы
|
| 610 |
1 |
|
|a массообменные процессы
|
| 610 |
1 |
|
|a диспергирование
|
| 610 |
1 |
|
|a селективность
|
| 610 |
1 |
|
|a опытно-промышленные реакторы
|
| 610 |
1 |
|
|a испытания
|
| 610 |
1 |
|
|a авторефераты диссертаций
|
| 675 |
|
|
|a 661.723(04)
|v 3
|
| 686 |
|
|
|a 05.17.08
|2 oksvnk
|
| 700 |
|
1 |
|a Новицкий
|b Е. А.
|g Евгений Александрович
|
| 702 |
|
1 |
|a Самсонов
|b В. В.
|g Валерий Викторович
|4 727
|
| 712 |
0 |
2 |
|a Иркутский научно-исследовательский и конструкторский институт химического и нефтяного машиностроения (ИркутскНИИхиммаш)
|b Открытое Акционерное Общество
|2 stltpush
|3 (RuTPU)RU\TPU\col\19030
|
| 801 |
|
1 |
|a RU
|b 63413507
|c 20131007
|
| 801 |
|
2 |
|a RU
|b 63413507
|c 20131021
|g RCR
|
| 942 |
|
|
|c BK
|